LEADER 01254nam a2200265 i 4500 001 000000111178 003 CaOOAMICUS 005 20080415102419.0 008 080415s2007 it 000 u ita c 020 $z978-88-7462-162-0* 040 $aPUL$bita$dLDB 100 1 $aMurri, Romolo,$d1870-1944.$0(OLS)http://pul/name/18339 245 13$aIl messaggio cristiano e la sua storia /$cRomolo Murri ; introduzione, edizione e note di Filippo Mignini. 260 $aGualdo (MC) :$bCentro studi Romolo Murri ;$aMacerata :$bQuodlibet,$cc2007. 300 $alxv, 99 p. ;$c22 cm. 504 $aBibliografia : p. 85-97 650 4$aCristianesimo e societŕ$ySec. XX.$0(OLS)http://pul/subject/6150 700 1 $aMignini, Filippo.$0(OLS)http://pul/name/40707 850 $aPUL 852 $aPUL$W1$xSL Cons. Gen., Altre Classi 3$y75$m901 MURRO 1$j127458$qDDC 21$B126155$CPULBib$Z2$F126155 $H106949 $82 941 1 $a9 996 $6020$z978-88-7462-162-0*$9(OLS)http://pul/number/137715 996 $6245$aIl messaggio cristiano e la sua storia$9(OLS)http://pul/title/139784 996 $6260$aGualdo (MC) :$bCentro studi Romolo Murri$9(OLS)http://pul/publisher/79862 996 $6260$aMacerata :$bQuodlibet$9(OLS)http://pul/publisher/70121 LEADER 01520nam a2200337 a 4500 001 000000058102 003 CaOOAMICUS 005 20130717110412.0 008 010525s1981 it a u000 u ita r 035 $a10890412 040 $aPUL$bita 041 1 $aita$hfre 100 1 $aTocqueville, Alexis de,$d1805-1859.$0(OLS)http://pul/name/9884 240 10$aAncient régime et la révolution.$lItaliano.$0(OLS)http://pul/title/77810 245 12$aL'antico regime e la rivoluzione /$cAlexis de Tocqueville ; a cura di Giorgio Candeloro. 260 $aMilano :$bRizzoli,$cc1981. 300 $a339 p. :$bill. ;$c23 cm 490 1 $aCollana storica Rizzoli 651 4$aFrancia$xStoria$yRivoluzione, 1789-1799.$0(OLS)http://pul/subject/5918 651 4$aFrancia$xPolitica e governo$ySec. XVIII-XIX.$0(OLS)http://pul/subject/22971 700 1 $aCandeloro, Giorgio,$d1909-1988.$0(OLS)http://pul/name/40407 830 0$aCollana storica Rizzoli.$0(OLS)http://pul/title/19867 850 $aPUL 852 $aPUL$W1$xDP1 Altre Collocazioni$y17$mSenza collocazione$j12$nBK-PRI$b $qStampati$B75931$CPULBib$Z2$F75931 $H $81 852 $aPUL$W1$xDP1 Fondo E. Rossi$y115$m1 T 23$j155359$qFondi$B154913$CPULBib$Z2$F154913 $82 941 1 $a8 941 1 $a1 961 $aSul dorso collocazione ms. di E. Rossi: T 11 996 $6245$aL'antico regime e la rivoluzione$9(OLS)http://pul/title/77811 996 $6260$aMilano :$bRizzoli$9(OLS)http://pul/publisher/48712